Statistics for Answers Contain "Valley"

Click here to take the quiz!

General Stats

  • This quiz has been taken 206 times
  • The average score is 7 of 18

Answer Stats

HintAnswer% Correct
Technology and start-up hub
in the Bay Area
Silicon Valley
97%
Site of America's lowest elevationDeath Valley
94%
Valley that produces 4% of
California's wine
Napa Valley
84%
Person who talks "Valleyspeak"Valley Girl
62%
Burial place of the major
Ancient Egyptian royal figures
Valley of the Kings
52%
Cradle of civilization in PakistanIndus Valley
49%
1966 best-seller about three
women using pills
Valley of the Dolls
44%
Where George Washington spent
a very cold winter
Valley Forge
42%
Name of the valley the
above is from
San Fernando
Valley
37%
Long series of African trenchesGreat Rift Valley
35%
Famous Idaho ski resortSun Valley
23%
Region of buttes featured in
many movie Westerns
Monument Valley
18%
John Ford movie that won the
1942 Oscars Best Picture
How Green Was
My Valley
16%
Valley that was Oregon Trail
pioneers' destination
Willamette Valley
16%
Northwestern Italian regionAosta Valley
12%
Where the Real Bros are fromSimi Valley
12%
What Walter White actually
poisoned Andrea's child with
Lily of the Valley
9%
Ohio national parkCuyahoga Valley
8%

Score Distribution

Percentile by Number Answered

Percent of People with Each Score

Your Score History

You have not taken this quiz